MARC

LEADER 00000nam0a2200000 4500
001 34395
005 20231101210231.0
035 |a (RuTPU)RU\TPU\book\34787 
035 |a BOOK00001438 
090 |a 34395 
100 |a 20011210d1978 m y0rusy50 ca 
101 0 |a rus 
102 |a RU 
105 |a a j 000zy 
200 1 |a Методика гидрогеологических исследований  |e учебное пособие  |f П. П. Климентов, В. М. Кононов 
210 |a Москва  |c Высшая школа  |d 1978 
215 |a 408 с.  |c ил. 
451 1 |0 (RuTPU)RU\TPU\book\34788  |y 5-06-000080-X  |t Методика гидрогеологических исследований  |o учебное пособие  |f П. П. Климентов, В. М. Кононов  |e 2-е изд., перераб. и доп.  |c Москва  |n Высшая школа  |d 1989  |p 447 с.  |a Климентов, Петр Платонович 
606 1 |a Гидрогеологические исследования  |x Методика  |2 stltpush  |3 (RuTPU)RU\TPU\subj\6619  |9 34454 
610 1 |a геология 
610 1 |a гидрогеологические исследования 
610 1 |a методика 
610 1 |a учебные пособия 
610 1 |a карты 
610 1 |a съемка 
610 1 |a гидрогеологические скважины 
610 1 |a буровые скважины 
610 1 |a фильтры 
610 1 |a подземные воды 
610 1 |a водоснабжение 
610 1 |a многолетняя мерзлота 
610 1 |a многолетняя мерзлота 
610 1 |a осушение 
610 1 |a орошение 
610 1 |a минеральные подземные воды 
610 1 |a нефтяные месторождения 
610 1 |a газовые месторождения 
610 1 |a обводнение 
610 1 |a твердые полезные ископаемые 
610 1 |a исследование 
675 |a 556.3.01(075.8)  |v 3 
700 1 |a Климентов  |b П. П.  |g Петр Платонович 
701 1 |a Кононов  |b В. М.  |g Валерий Митрофанович 
801 0 |a RU  |b 63413507  |c 20011210  |g PSBO 
801 2 |a RU  |b 63413507  |c 20191225  |g PSBO 
900 |a Поиски и разведка подземных вод 
900 |a Методы гидрогеологических исследований 
900 |a Экологическое нормирование 
900 |a Комплексное использование и охрана водных ресурсов 
900 |a Охрана водных ресурсов 
942 |c BK